000 01032cam a2200265 4500
008 020301n2001 000 0 eng u
020 _a0922154635
035 _a(Sirsi) u116918
041 _aeng.
050 _a333.332
100 _aLennhoff, D.
_xEditor
110 _aAppraisal Institute
_92987
245 2 _aA business enterprise value anthology
260 _aChicago
_bAppraisal Institute
_c2001
300 _axii,379p.
_c29cm.
350 _a39.95
520 _aAn American text containing a collection of articles that chronicle the evolving theory of business enterprise value and illuminate the issues involved in valuing an operating business. The 38 articles focus on general issues, hotels and motels, shopping centres, health care facilities, and other real property types.
650 _aBUSINESS ENTERPRISE VALUE
650 _aSHOPPING CENTRES
650 _aHOTELS
650 _aHEALTH CARE FACILITIES
650 _aUNITED STATES
690 _aPROPERTY-PROPERTY APPRAISAL AND VALUATION
942 _n0
999 _c101911
_d101911